Random topographic knowledge quiz - Statistics

General Stats
  • This quiz has been taken 23 times
  • The average score is 86 of 120
Answer Stats
Question Tile Select % Correct
Countries in Europe Iceland Yes
100%
Countries in Europe Israel No
100%
Countries in Europe Kazachstan No
100%
Countries in Europe Liechtenstein Yes
100%
Countries in Europe Malta Yes
100%
Countries in Europe Moldova Yes
100%
Countries in Europe North Macedonia Yes
100%
Countries in Europe Portugal Yes
100%
World Capitals Antwerpen No
94%
Countries in Europe Azerbaijan No
94%
World Capitals Den Haag No
94%
Cities in France Marseille Yes
94%
Cities in France Monaco No
94%
Cities in France Nice Yes
94%
World Capitals Panama city Yes
94%
Cities in France Zaragoza No
94%
Anagrams that are countries Agenda No
89%
Anagrams that are countries Certain No
89%
Anagrams that are countries Consider No
89%
Anagrams that are countries Lizard No
89%
World Capitals Montréal No
89%
World Capitals Rio de Janeiro No
89%
Countries in Europe Russia Yes
89%
World Capitals Shanghai No
89%
World Capitals St Petersburg No
89%
Anagrams that are countries Umami No
89%
World Capitals Washington Yes
89%
Anagrams that are countries Believe No
83%
Cities in France Cagliari No
83%
Island countries in the world (without any landborder) Denmark No
83%
Anagrams that are countries Forest No
83%
Cities in France Geneva No
83%
Rivers in the world Indian No
83%
Island countries in the world (without any landborder) Indonesia No
83%
World Capitals Istanbul No
83%
Rivers in the world Korea No
83%
World Capitals Kuala Lumpur Yes
83%
US states that are north of Tennessee (partly or completely) Louisiana No
83%
Anagrams that are countries Mail Yes
83%
Countries with 4 landborders or more Mexico No
83%
US states that are north of Tennessee (partly or completely) New Jersey Yes
83%
Island countries in the world (without any landborder) New Zealand Yes
83%
US states that are north of Tennessee (partly or completely) Rhode Island Yes
83%
Island countries in the world (without any landborder) Rhode Island No
83%
US states that are north of Tennessee (partly or completely) South Carolina No
83%
Island countries in the world (without any landborder) Spain No
83%
Cities in France Strasbourg Yes
83%
Island countries in the world (without any landborder) Taiwan Yes
83%
Cities in France Toulouse Yes
83%
World Capitals Tripoli Yes
83%
Countries with pyramids Egypt Yes
78%
US states that are north of Tennessee (partly or completely) Georgia No
78%
Countries with pyramids Iceland No
78%
Cities in France Le Mans Yes
78%
US states that are north of Tennessee (partly or completely) Maine Yes
78%
Island countries in the world (without any landborder) Malta Yes
78%
US states that are north of Tennessee (partly or completely) Michigan Yes
78%
Countries with pyramids Nigeria No
78%
US states that are north of Tennessee (partly or completely) Oregon Yes
78%
Rivers in the world Rhine Yes
78%
Island countries in the world (without any landborder) Samoa Yes
78%
Rivers in the world Seine Yes
78%
Countries with 4 landborders or more Switzerland Yes
78%
Rivers in the world Toronto No
78%
Island countries in the world (without any landborder) Tuvalu Yes
78%
Countries on the equator Bolivia No
72%
World Capitals Canberra Yes
72%
Countries with pyramids France No
72%
Rivers in the world Funafuti No
72%
Island countries in the world (without any landborder) Haiti No
72%
US states that are north of Tennessee (partly or completely) Idaho Yes
72%
Island countries in the world (without any landborder) Ireland No
72%
Countries on the equator Kenya Yes
72%
Countries with pyramids Kuwait No
72%
Countries on the equator Papua New Guinea No
72%
Anagrams that are countries Rain Yes
72%
Countries on the equator Togo No
72%
Rivers in the world Amazone Yes
67%
Countries with 4 landborders or more Botswana Yes
67%
Cities in France Brest Yes
67%
Rivers in the world Huyalo No
67%
Countries on the equator Indonesia Yes
67%
Countries with pyramids Indonesia No
67%
Rivers in the world Mali No
67%
Countries with 4 landborders or more Mauritania Yes
67%
Rivers in the world Missouri Yes
67%
US states that are north of Tennessee (partly or completely) South Dakota Yes
67%
Countries with 4 landborders or more South Sudan Yes
67%
Countries on the equator D.R.Congo Yes
61%
Countries with 4 landborders or more Indonesia No
61%
Rivers in the world Niger Yes
61%
Countries in Europe Cyprus No
56%
Cities in France Liège No
56%
Countries on the equator Malaysia No
56%
Cities in France Nancy Yes
56%
Countries on the equator Sri Lanka No
56%
Countries with pyramids Sudan Yes
56%
Countries with 4 landborders or more Turkmenistan Yes
56%
Countries with 4 landborders or more Uganda Yes
56%
Countries with 4 landborders or more Argentina Yes
50%
Countries on the equator Colombia Yes
50%
Island countries in the world (without any landborder) Dominica Yes
50%
Countries with pyramids Guatemala Yes
50%
Countries on the equator Guyana No
50%
Countries with pyramids Libya No
50%
Countries with pyramids Peru Yes
50%
Countries in Europe Turkey No
50%
Countries with 4 landborders or more Bolivia Yes
44%
Anagrams that are countries Plane Yes
44%
Anagrams that are countries Serial Yes
44%
Countries with 4 landborders or more Vietnam No
44%
Anagrams that are countries Analog Yes
39%
Rivers in the world Chagres Yes
39%
Countries on the equator Peru No
39%
US states that are north of Tennessee (partly or completely) Oklahoma Yes
33%
Countries with pyramids China Yes
22%
Countries with pyramids Iraq Yes
17%
Countries on the equator Equatorial Guinea No
11%
Countries with 4 landborders or more Latvia Yes
11%
US states that are north of Tennessee (partly or completely) New Mexico Yes
6%
No matching quizzes found
Score Distribution
Percent of People with Each Score
Percentile by Number Answered
Your Score History
You have not taken this quiz